000 00537nam a2200181Ia 4500
003 LK-CoDNM
008 010623t2005 xxu||||| |||| 00| 1 sin d
040 _aLK-CoDNM
_dLK-CoDNM
_eLK-CoDNM
041 _asin
080 _a929 JAY
100 _aJayathunga, Ruwan.M.
245 _aමිනිසුන් තුළින් ලෝකය දුටුවෙමි
246 _aMinisun thulin lokaya dutuwemi
260 _bWijesuriya grantha kendraya
_aMulleriyawa
_c2005
300 _b230, 23 cm
650 _aBiography
942 _cBK
999 _c124991
_d124991